000 01790nam a2200313 i 4500
003 DO-SdBNP
005 20240530073924.0
006 a||||gr|||| 00| 0
007 ta
008 201216e2019 dr |||eri||| 001 fdspa d
040 _aDO-SdBNP
_bspa
_cBNPHU
_erda
082 4 _aRD863.5
_bM766a
_222
100 1 _aMontás Quezada, Nelson
_977612
_eautor
245 1 0 _aLas aventuras de Milo Payano /
_cNelson Montás Quezada
264 _aSanto Domingo :
_bCorripio,
_c2019
300 _a154 páginas ;
_c21 cm
336 _2rdacontent
_atexto
_btxt
337 _2rdamedia
_asin mediación
_bn
338 _2rdacarrier
_avolumen
_bnc
500 _aIncluye biografía del autor en las solapas de las cubiertas.
500 _aIncluye glosario.
505 0 _aAgradecimiento.
_gPreámbulo.--
_tDe personajes y aventuras.--
_gPrimera parte :
_tPreservar la vida a toda costa.--
_gSegunda parte :
_tExperiencias parecidas.--
_gTercera parte :
_tEl espíritu aventurero de Milo lo lleva a enfrentarse a un bacá.--
_gCuarta parte :
_tVida de Germán de la Rosa, sus delincuentes y rivalidad con el Postalista.--
_gQuinta parte :
_tLos acontecimientos del día.--
_gSexta parte :
_tEntre la fantasía infantil y el enfrentamiento de Milo Payano y Germán de la Rosa.--
505 0 _aSéptima parte :
_tEn los albores del ciclón Inés y la muerte de Rompepiedras.-
_gOctava parte :
_tGerman de la Rosa, el Rey de los delincuentes.--
_gNovena parte :
_tRetorno del Postalista a la capital y su agresión a un sacerdote.--
_gDécima parte :
_tEl sentido del poder y el final del reinado de German.--
_tGlosario.-
590 _aInventariado, 2024 / MF
650 0 _aNovela dominicana
_9223
650 4 _aLiteratura infantojuvenil dominicana
_984579
910 _aValidado. Control de calidad MFF
942 _2ddc
_cLBS1
999 _c49288
_d49288